Sports Quiz

Random Sports or Baseball Quiz

25 players NOT on the '98 Yankees Quiz Stats

 Plays Quiz not verified by Sporcle

Challenge
Share
Tweet
Embed
Score 0/25 Timer 06:00
0 Plays Today
% Correct
Bobby Abreu
84.3%
John Rocker
83.3%
Alex Rodriguez
82.6%
Rickey Henderson
82.5%
Don Baylor
82.4%
Don Mattingly
81.8%
Jesse Orosco
77.9%
Mel Hall
74.6%
Kevin Maas
74.2%
Jeff Shaddix
73.9%
Cecil Fielder
73.7%
Alfonso Soriano
70.2%
John Habyan
69.9%
% Correct
Kenny Rogers
69.8%
Pat Kelly
66.3%
Jimmy Key
65.4%
Roger Clemens
63.4%
Randy Choate
62.5%
Dwight Gooden
61.2%
Mariano Duncan
61%
Mike Stanley
60.1%
John Wetteland
59.5%
Jason Grimsley
59.4%
Enrique Wilson
58%
Jim Leyritz
48.5%

You're not logged in!

Compare scores with friends on all Sporcle quizzes.
OR
Log In

You Might Also Like...

Show Comments

Extras

Top Quizzes Today


Score Distribution

Your Account Isn't Verified!

In order to create a playlist on Sporcle, you need to verify the email address you used during registration. Go to your Sporcle Settings to finish the process.

Report this User

Report this user for behavior that violates our Community Guidelines.

Details: